| 000 | 00442nam a2200169Ia 4500 | ||
|---|---|---|---|
| 008 | 230524s9999 xx 000 0 und d | ||
| 020 | _a9780070474284 | ||
| 082 |
_a519.2 _bPEE |
||
| 100 | _aPeyton Z.Peebles | ||
| 245 | 0 | _a"Probability,Random Variables And Random Signal Principles" | |
| 250 | _a4 | ||
| 260 |
_aNew Delhi _bMGH _c2014 |
||
| 300 | _a"xviii,462p;" | ||
| 500 | _aQuantity Number: 5 | ||
| 650 | _aMathematics | ||
| 942 | _cBK | ||
| 999 |
_c60012 _d60012 |
||